Statystyki dla Stolice państw, oraz terytoriów leżących w Ameryce Południowej

Kliknij tutaj aby rozwiązać quiz!

Ogólne statystyki

  • Ten quiz został rozwiązany 19 razy
  • Średni wynik to 8 z 15

Statystyki odpowiedzi

Państwo / TerytoriumStolica% Poprawnych
ArgentynaBuenos Aires
86%
BrazyliaBrasilia
79%
BoliwiaLa Paz / Sucre
79%
KolumbiaBogota
64%
PeruLima
64%
ChileSantiago
64%
ParagwajAsuncion
57%
GujanaGeorgetown
57%
UrugwajMontevideo
57%
EkwadorQuito
57%
WenezuelaCaracas
50%
SurinamParamaribo
43%
Gujana FrancuskaKajenna
14%
FalklandyStanley
14%
Georgia Południowa I Sandwich PołudniowyKing Edward Point
7%

Rozkład punktacji

Percentyl według liczby udzielonych odpowiedzi

Procent ludzi z każdym wynikiem

Twoja historia wyników

Nie rozwiązałeś tego quizu